LEADER 01809nam0-2200409---450- 001 990009948780403321 005 20150408130247.0 010 $a978-0-8218-9147-6$bvol. 1 010 $a978-0-8218-9148-3$bvol. 2 035 $a000994878 035 $aFED01000994878 035 $a(Aleph)000994878FED01 035 $a000994878 100 $a20150325d--------km-y0itay50------ba 101 0 $aeng 102 $aUS 105 $a--------001yy 200 1 $aFractal geometry and dynamical systems in pure and applied mathematics$ePISRS 2011 international conference on analysis, fractal geometry, dynamical systems and economics, November 2011, Messina, Sicily, Italy : AMS special session on fractal geometry in pure and applied mathematics, in memory of Benoît Mandelbrot, January 2012, Boston, Massachusetts : AMS special session on geometry and analysis on fractal spaces, March 2012, Honolulu, Hawaii$fDavid Carfì... [et al.] editors 210 $aProvidence$cAmerican Mathematical Society$d2013 215 $a2 volumi$d26 cm 225 1 $aContemporary mathematics$v600$v601 327 1 $a1.: Fractals in pure mathematics. VIII, 399 p.$a2.: Fractals in applied mathematics. VIII, 372 p. 610 0 $aTeoria classica della misura 610 0 $aProceedings, conferenze, etc. 676 $a514.742$v23 702 1$aCarfì,$bDavid 710 11$aFractal geometry and dynamical systems in pure and applied mathematics$f<2011-2012-2012>$e$0524863 801 0$aIT$bUNINA$gRICA$2UNIMARC 901 $aBK 912 $a990009948780403321 952 $aC-1-(600$b354$fMA1 952 $aC-1-(601$b355$fMA1 959 $aMA1 962 $a28AXX 962 $a28-06 996 $aFractal geometry and dynamical systems in pure and applied mathematics$9821332 997 $aUNINA LEADER 05120nam 22006255 450 001 9911031575103321 005 20251001130507.0 010 $a3-032-01581-2 024 7 $a10.1007/978-3-032-01581-5 035 $a(CKB)41521161500041 035 $a(MiAaPQ)EBC32323375 035 $a(Au-PeEL)EBL32323375 035 $a(DE-He213)978-3-032-01581-5 035 $a(EXLCZ)9941521161500041 100 $a20251001d2025 u| 0 101 0 $aeng 135 $aur||||||||||| 181 $ctxt$2rdacontent 182 $cc$2rdamedia 183 $acr$2rdacarrier 200 10$aBehavioral Neuroscience of Alcohol Addiction $eBasic Mechanisms and Animal Studies /$fedited by Wolfgang H. Sommer, Rainer Spanagel 205 $a1st ed. 2025. 210 1$aCham :$cSpringer Nature Switzerland :$cImprint: Springer,$d2025. 215 $a1 online resource (623 pages) 225 1 $aCurrent Topics in Behavioral Neurosciences,$x1866-3389 ;$v71 311 08$a3-032-01580-4 327 $aPart 1 Conceptualizing and modeling alcohol addiction -- Behavioral Neurobiology of Alcohol Addiction a Decade of great Challenges, new Hypes and Hopes -- Theoretical frameworks and mechanistic aspects of alcohol addiction Alcohol addiction as a reward deficit stress surfeit disorder -- Animal Models of Excessive Alcohol Consumption -- Modeling Brain Gene Expression in Alcohol Use Disorder with Genetic Animal Models -- From Natural Behavior to Drug Screening Invertebrates as Models to Study Mechanisms Associated with Alcohol Use Disorders -- Good Preclinical Practice Guidelines for the Development of Novel Pharmacological Targets for Relapse Prevention -- Part 2 Specific mechanisms of alcohol use and addiction -- Role of Metabolism on Alcohol Preference, Addiction, and Treatment -- Synaptic Effects Induced by Alcohol -- Epigenetic Dysregulation in Alcohol Associated Behaviors Preclinical and Clinical Evidence -- The Relationship Between Oxytocin and Alcohol Dependence -- Neural Circuitries and Alcohol Use Disorder Cutting Corners in the Cycle -- Encoding of alcohol related behaviors in the rodent brain. 330 $aBehavioral Neurobiology of Alcohol Addiction explores the forefront of addiction research, integrating fundamental neurobiological mechanisms with translational insights into human phenotypes. Alcohol addiction remains a major public health concern with extensive medical and societal implications. Understanding its intricate interplay between neurobiology, behavior, and treatment is essential for developing effective interventions. This edition is structured into two volumes: Basic Mechanisms and Animal Studies and Translational Studies and Human Phenotypes. The first volume examines addiction conceptualization, stress and reward systems, and chronic pain. It further explores the cellular, synaptic, and circuit-level consequences of alcohol, incorporating computational and neuroimaging approaches. It also addresses the replication crisis in preclinical research and proposes guidelines to mitigate its impact. The second volume shifts the focus to human studies, covering human laboratory approaches, ecological momentary assessment, molecular imaging, and the challenges of bridging preclinical and clinical research. The book also highlights emerging treatments, including psychological interventions, neuromodulation techniques, and the role of the gut-brain axis. Alcohol use fundamentally alters mood states via brain mechanisms?an insight widely acknowledged by experts and laypeople alike. However, debates surrounding the brain disease model of addiction have intensified in recent years. This collection of articles contributes to this ongoing discussion by reinforcing the importance of a neurobiological perspective in addiction science and demonstrating how advances in neuroscience translate into more effective therapeutic approaches. Written by leading experts in the field, both volumes provide a comprehensive yet accessible resource for addiction researchers, neuroscientists, clinicians, and students. The book aims to deepen the understanding of alcohol addiction and inspire new directions in research and treatment. 410 0$aCurrent Topics in Behavioral Neurosciences,$x1866-3389 ;$v71 606 $aPsychobiology 606 $aHuman behavior 606 $aNeuropharmacology 606 $aMedicine$xResearch 606 $aBiology$xResearch 606 $aBehavioral Neuroscience 606 $aNeuropharmacology 606 $aTranslational Research 615 0$aPsychobiology. 615 0$aHuman behavior. 615 0$aNeuropharmacology. 615 0$aMedicine$xResearch. 615 0$aBiology$xResearch. 615 14$aBehavioral Neuroscience. 615 24$aNeuropharmacology. 615 24$aTranslational Research. 676 $a612.8 700 $aSommer$b Wolfgang H$01758878 701 $aSpanagel$b Rainer$01758879 801 0$bMiAaPQ 801 1$bMiAaPQ 801 2$bMiAaPQ 906 $aBOOK 912 $a9911031575103321 996 $aBehavioral Neuroscience of Alcohol Addiction$94443265 997 $aUNINA